[Event "ICS rated blitz match"]
[Site "207.99.83.229"]
[Date "1999.05.30"]
[Round "?"]
[White "jacdion"]
[Black "Hossa"]
[Result "1-0"]
[WhiteElo "2884"]
[BlackElo "2507"]
[PlyCount "105"]

1. e4 c5 2. Nf3 e6 3. d4 cxd4 4. Nxd4 Nf6 5. Nc3 d6 6. g4 h6 7. h4 Nc6 8. Rg1
h5 9. gxh5 Nxh5 10. Bg5 Nf6 11. Qd2 Qb6 12. Nb3 Bd7 13. O-O-O a6 14. Rg3 Qc7
15. Bg2 Nh5 16. Rh3 Nf6 17. Bxf6 gxf6 18. Kb1 O-O-O 19. Rhh1 Be7 20. h5 Rdg8
21. f4 Rh6 22. Bf3 Qb6 23. Na4 Qa7 24. f5 Rg5 25. fxe6 fxe6 26. Nac5 Ne5 27.
Nxd7 Nxf3 28. Qc3+ Kxd7 29. Qxf3 f5 30. e5 Rg4 31. exd6 Bxd6 32. Qd3 Qb8 33.
Na5 Ke7 34. Nxb7 Qxb7 35. Qxd6+ Kf6 36. Qf8+ Kg5 37. Qd8+ Rf6 38. h6 Qh7 39.
Rdg1 e5 40. Qd2+ Kg6 41. Qd3 e4 42. Rxg4+ fxg4 43. Qxe4+ Rf5 44. Qxg4+ Kf7 45.
Qc4+ Kg6 46. Qxa6+ Kg5 47. Rg1+ Kf4 48. Qc4+ Ke5 49. Qc5+ Ke4 50. Re1+ Kf4 51.
Qe3+ Kg4 52. Rg1+ Kh5 53. Qh3# {Hossa checkmated} 1-0

[Event "ICS rated blitz match"]
[Site "207.99.83.229"]
[Date "1999.05.30"]
[Round "?"]
[White "Hossa"]
[Black "jacdion"]
[Result "0-1"]
[WhiteElo "2504"]
[BlackElo "2887"]
[PlyCount "93"]

1. e4 c5 2. Nf3 e6 3. d4 cxd4 4. Nxd4 Nf6 5. Nc3 d6 6. g4 h6 7. h4 Nc6 8. Rg1
h5 9. gxh5 Nxh5 10. Bg5 Nf6 11. Qd2 Qb6 12. Nb3 Bd7 13. O-O-O Ne5 14. Nd4 Qc5
15. Bxf6 gxf6 16. f4 Ng6 17. Bh3 Nxh4 18. Qd3 Bh6 19. Kb1 Bxf4 20. Nce2 Be5 21.
Nb3 Qb5 22. c4 Qb4 23. Rc1 Ng6 24. Qe3 a5 25. a3 Qa4 26. Nbd4 b5 27. Bxe6 Bxe6
28. Nxe6 fxe6 29. Rxg6 bxc4 30. Qb6 Qb3 31. Qxb3 cxb3 32. Rgg1 Rb8 33. Rc7 d5
34. Ra7 dxe4 35. Rxa5 Ke7 36. Ra7+ Kf8 37. Re1 Rh2 38. a4 Rc8 39. a5 e3 40. a6
Rc2 41. Ra8+ Kf7 42. Ra7+ Kg6 43. Rb7 Rxb2+ 44. Kc1 Rbxe2 45. Rg1+ Kh6 46. Rxb3
Ra2 47. Rb1 {Hossa resigns} 0-1

[Event "ICS rated blitz match"]
[Site "207.99.83.229"]
[Date "1999.05.30"]
[Round "?"]
[White "jacdion"]
[Black "Hossa"]
[Result "1-0"]
[WhiteElo "2890"]
[BlackElo "2501"]
[PlyCount "108"]

1. e4 c5 2. Nf3 e6 3. d4 cxd4 4. Nxd4 Nf6 5. Nc3 d6 6. Be2 a6 7. O-O Nbd7 8. f4
b5 9. Bf3 Bb7 10. e5 Bxf3 11. Nxf3 dxe5 12. fxe5 Ng4 13. Qe2 Ndxe5 14. Nxe5
Qd4+ 15. Kh1 Nxe5 16. Rd1 Qc5 17. Qe4 Rc8 18. Be3 f5 19. Bxc5 fxe4 20. Bxf8
Rxf8 21. Rd6 Rc6 22. Rxc6 Nxc6 23. Nxe4 Ke7 24. c3 Rf5 25. a4 Re5 26. Ng3 Na5
27. axb5 Nb3 28. Rd1 axb5 29. Kg1 h6 30. Kf2 Kf6 31. Kf3 Nc5 32. h4 Kg6 33. Rd4
h5 34. b4 Nb3 35. Rd1 Rd5 36. Rxd5 exd5 37. Ke3 Kf6 38. Kd3 g5 39. hxg5+ Kxg5
40. Kc2 Kg4 41. Ne2 d4 42. Kxb3 d3 43. Nd4 Kg3 44. c4 bxc4+ 45. Kc3 Kxg2 46.
Nf5 Kf3 47. b5 Ke2 48. b6 d2 49. Nd4+ Ke3 50. Kc2 h4 51. b7 Kf2 52. b8=Q Kg2
53. Qf4 c3 54. Qf3+ 54... Kg1 {Hossa resigns} 1-0

[Event "ICS rated blitz match"]
[Site "207.99.83.229"]
[Date "1999.05.30"]
[Round "?"]
[White "Hossa"]
[Black "jacdion"]
[Result "0-1"]
[WhiteElo "2498"]
[BlackElo "2893"]
[PlyCount "111"]

1. e4 c5 2. Nf3 e6 3. d4 cxd4 4. Nxd4 Nf6 5. Nc3 d6 6. Be2 a6 7. O-O Nbd7 8. f4
b5 9. Bf3 Bb7 10. e5 Bxf3 11. Nxf3 Ng4 12. exd6 Qb6+ 13. Nd4 Bxd6 14. Kh1 Ngf6
15. Be3 Bc5 16. Qf3 O-O 17. Rad1 Rac8 18. Rf2 e5 19. fxe5 Nxe5 20. Qf4 Nfg4 21.
Re2 Nxe3 22. Rxe3 Nc4 23. Rg3 Rcd8 24. Nf5 Rxd1+ 25. Nxd1 Qe6 26. Rf3 Rd8 27.
Rf1 Bf8 28. Nd4 Qd5 29. c3 Re8 30. b3 Re4 31. Qg3 Nd2 32. Rf5 Qd6 33. Qf2 Qe7
34. Nc2 Re2 35. Qg1 Ne4 36. Nd4 Rxa2 37. Rf4 Rd2 38. Qf1 Qe5 39. Ne3 Bd6 40. g3
Qh5 41. Rh4 Rxh2+ 42. Kg1 Rxh4 43. gxh4 Qxh4 44. Qg2 Qe1+ 45. Nf1 Bc5 46. Kh1
Nd2 47. b4 Nxf1 48. bxc5 Ne3+ 49. Qg1 Qh4+ 50. Qh2 Qe4+ 51. Kg1 Qb1+ 52. Kf2
Ng4+ 53. Kg3 Nxh2 54. Kxh2 b4 55. Nc6 bxc3 56. Ne7+ {Hossa resigns} 0-1

[Event "ICS rated blitz match"]
[Site "207.99.83.229"]
[Date "1999.05.30"]
[Round "?"]
[White "jacdion"]
[Black "Hossa"]
[Result "1-0"]
[WhiteElo "2896"]
[BlackElo "2495"]
[PlyCount "84"]

1. e4 c5 2. Nf3 e6 3. d4 cxd4 4. Nxd4 Nf6 5. Nc3 d6 6. Be2 a6 7. O-O Nbd7 8. f4
b5 9. Bf3 Bb7 10. a3 Qc7 11. Qe1 O-O-O 12. Qf2 d5 13. exd5 exd5 14. Re1 Bc5 15.
b4 Bb6 16. Nce2 Ne4 17. Qe3 Rde8 18. Qd3 Qd8 19. a4 bxa4 20. Rxa4 Qh4 21. g3
Qf6 22. Bb2 Qc6 23. Rea1 f5 24. Bg2 g6 25. h3 Nb8 26. Kh2 Qf6 27. c4 Nf2 28.
Qc2 dxc4 29. Qxc4+ Bc7 30. Nb5 Qb6 31. Nxc7 Qxc7 32. Rc1 Qxc4 33. Rxc4+ Kd7 34.
Bxb7 Ng4+ 35. Kg1 Rhf8 36. Rc2 Ne3 37. Rc5 Ng4 38. Nc3 Re1+ 39. Kg2 Nf6 40.
Bxa6 Re3 41. Bb5+ Kd6 42. Ra1 42... Ke6 {Hossa resigns} 1-0

[Event "ICS rated blitz match"]
[Site "207.99.83.229"]
[Date "1999.05.30"]
[Round "?"]
[White "Hossa"]
[Black "jacdion"]
[Result "0-1"]
[WhiteElo "2492"]
[BlackElo "2899"]
[PlyCount "77"]

1. e4 c5 2. Nf3 e6 3. d4 cxd4 4. Nxd4 Nf6 5. Nc3 d6 6. Be2 a6 7. O-O Nbd7 8. f4
b5 9. Bf3 Bb7 10. a3 Rc8 11. f5 e5 12. Nde2 Qb6+ 13. Kh1 Be7 14. Qe1 O-O 15.
Qg3 Rfe8 16. Bh6 Bf8 17. Bd2 d5 18. exd5 e4 19. Bg4 Nxg4 20. Qxg4 Nf6 21. Qg5
e3 22. Be1 Bxd5 23. Bg3 Be4 24. Rac1 b4 25. axb4 Qxb4 26. Bf4 Qxb2 27. Nd1 Qb5
28. Ndc3 Qc5 29. Bg3 Qc4 30. Nxe4 Nxe4 31. Qh5 g6 32. fxg6 hxg6 33. Qf3 Nd2 34.
Qf4 Re4 35. Qxf7+ Qxf7 36. Rxf7 Kxf7 37. c3 Bg7 38. Ra1 Re6 39. Rc1 {
Hossa resigns} 0-1

[Event "ICS rated blitz match"]
[Site "207.99.83.229"]
[Date "1999.05.31"]
[Round "?"]
[White "blunite"]
[Black "Hossa"]
[Result "0-1"]
[WhiteElo "2185"]
[BlackElo "2483"]
[PlyCount "40"]

1. e4 c5 2. Nf3 e6 3. d3 Nc6 4. Nbd2 Nf6 5. g3 d5 6. Bg2 Bd6 7. O-O O-O 8. Re1
e5 9. exd5 Nxd5 10. c3 Bg4 11. h3 Be6 12. Nc4 f6 13. a4 Be7 14. Qc2 Qd7 15. Kh2
Rad8 16. a5 Nc7 17. Qb3 Qxd3 18. Qxb7 Bxc4 19. Qxc6 Ne6 20. Bd2 20... Bd5 {
blunite resigns} 0-1

[Event "ICS Rated standard match"]
[Site "207.99.83.229"]
[Date "1999.05.31"]
[Round "?"]
[White "Hossa"]
[Black "tol4511"]
[Result "0-1"]
[WhiteElo "2247"]
[BlackElo "2269"]
[PlyCount "103"]

1. c4 e5 2. b3 Nf6 3. Bb2 Nc6 4. Nf3 e4 5. Nd4 d5 6. Nxc6 bxc6 7. e3 Be7 8. Be2
O-O 9. f3 exf3 10. Bxf3 Rb8 11. Na3 Be6 12. Rc1 Ne4 13. O-O Bb4 14. Nb1 Bd6 15.
Bxe4 dxe4 16. Qh5 f5 17. c5 Be7 18. Bd4 Bf6 19. Bxf6 Rxf6 20. Qg5 Rf8 21. Qg3
Qe7 22. Nc3 Rbd8 23. Qe1 Bc8 24. Rf2 Qd7 25. Qd1 a5 26. Qh5 Ba6 27. Qg5 Qe6 28.
Kh1 Bb5 29. Qh5 Qe5 30. Qd1 Bd3 31. Rf4 g6 32. Qe1 Rd7 33. Kg1 Rfd8 34. Rf2 Bb5
35. Kh1 Rd3 36. a4 Ba6 37. g4 fxg4 38. Rf4 Rxd2 39. Nxe4 g5 40. Nxd2 gxf4 41.
Nc4 Qe4+ 42. Kg1 Re8 43. Nxa5 fxe3 44. Qh4 Rf8 45. Qg5+ Kh8 46. Qh6 Rf5 47. Rd1
Bd3 48. Qh4 Qd4 49. Qd8+ Qxd8 50. Nxc6 Qh4 51. Nb8 Qf2+ 52. Kh1 {Hossa resigns}
0-1

[Event "ICS rated blitz match"]
[Site "207.99.83.229"]
[Date "1999.05.31"]
[Round "?"]
[White "Hossa"]
[Black "MissSilicon"]
[Result "1-0"]
[WhiteElo "2488"]
[BlackElo "2541"]
[PlyCount "109"]

1. e4 e5 2. Nf3 Nc6 3. Bb5 Bc5 4. O-O Nd4 5. Nxd4 Bxd4 6. c3 Bb6 7. d4 c6 8.
Be2 Nf6 9. dxe5 Nxe4 10. Bf3 Qh4 11. Bxe4 Qxe4 12. Qd6 Qg6 13. Re1 Qf5 14. Re2
Qg4 15. Kf1 Qh4 16. h3 a5 17. Nd2 Bd8 18. Re4 Qh5 19. Nc4 b5 20. Ne3 Be7 21.
Qd4 O-O 22. Kg1 f5 23. Rf4 Bg5 24. Rxf5 Rxf5 25. Nxf5 Bxc1 26. Ne7+ Kh8 27.
Nxc8 Bxb2 28. Qxd7 h6 29. Rb1 Bxc3 30. e6 Qf5 31. Rf1 Bb4 32. Qb7 Rxc8 33.
Qxc8+ Kh7 34. Qxc6 h5 35. Kh1 h4 36. f3 Qd3 37. Qe4+ Qxe4 38. fxe4 Kg6 39. Rf5
Be7 40. Rxb5 Kf6 41. Rxa5 Kxe6 42. Kg1 Bb4 43. Ra6+ Ke5 44. Kf2 Kf4 45. Ke2 g5
46. Rc6 Ba3 47. Kd3 Kg3 48. Rc2 Kf4 49. Kd4 Bd6 50. Kd5 Be5 51. Re2 g4 52. hxg4
Bf6 53. Rf2+ Kg5 54. Rxf6 Kxf6 55. a4 {MissSilicon resigns} 1-0

[Event "ICS rated blitz match"]
[Site "207.99.83.229"]
[Date "1999.05.31"]
[Round "?"]
[White "MissSilicon"]
[Black "Hossa"]
[Result "1-0"]
[WhiteElo "2523"]
[BlackElo "2506"]
[PlyCount "59"]

1. e4 c5 2. Nf3 e6 3. d4 cxd4 4. Nxd4 Nf6 5. Nc3 d6 6. g3 Nc6 7. Bg2 Bd7 8.
Ndb5 Nb4 9. O-O Qa5 10. Nxd6+ Bxd6 11. Qxd6 Nxc2 12. e5 Nxa1 13. Bxb7 Rd8 14.
exf6 gxf6 15. Ne4 Qe5 16. Qb4 Bb5 17. Nxf6+ Qxf6 18. Qxb5+ Kf8 19. Bg5 Qd4 20.
Bxd8 Qxd8 21. Rc1 Qd4 22. Rc8+ Ke7 23. Rc7+ Kd8 24. Rxf7 Rg8 25. Bc6 Qd1+ 26.
Kg2 Qd6 27. Qb7 Qxg3+ 28. hxg3 Rxg3+ 29. Kxg3 h5 30. Rf8# {Hossa checkmated}
1-0

[Event "ICS rated blitz match"]
[Site "207.99.83.229"]
[Date "1999.05.31"]
[Round "?"]
[White "Hossa"]
[Black "Frank"]
[Result "1-0"]
[WhiteElo "2491"]
[BlackElo "2135"]
[PlyCount "75"]

1. e4 e6 2. Nf3 d5 3. exd5 exd5 4. d4 Nf6 5. Bd3 Be7 6. O-O O-O 7. Re1 c6 8.
Bg5 Bg4 9. Qe2 Bxf3 10. Qxe7 Qxe7 11. Rxe7 Be4 12. Bxf6 Bxd3 13. cxd3 gxf6 14.
Rxb7 Na6 15. Nc3 Rab8 16. Rxa7 Nb4 17. Rb1 Nxd3 18. b3 Nf4 19. Rc1 Ne6 20. Ne2
Ra8 21. Rxa8 Rxa8 22. a4 Rb8 23. Rc3 Kf8 24. f4 f5 25. Kf2 Ke7 26. Ke3 Kd6 27.
Ng3 Ng7 28. Kd2 Rb4 29. Kd3 h5 30. Ke3 h4 31. Ne2 Ne6 32. a5 c5 33. dxc5+ Nxc5
34. Nd4 Ne4 35. Rc6+ Kd7 36. Rh6 Nc5 37. a6 Nxb3 38. a7 {Frank resigns} 1-0

[Event "ICS rated blitz match"]
[Site "207.99.83.229"]
[Date "1999.05.31"]
[Round "?"]
[White "andante"]
[Black "Hossa"]
[Result "1-0"]
[WhiteElo "2137"]
[BlackElo "2495"]
[PlyCount "117"]

1. e4 d5 2. exd5 Qxd5 3. d4 Qe4+ 4. Be3 Bf5 5. Nc3 Qxc2 6. Qxc2 Bxc2 7. Rc1 Nc6
8. Rxc2 O-O-O 9. Nf3 e6 10. a3 Nge7 11. Bb5 a6 12. Be2 Nf5 13. Rd2 Na5 14. O-O
Nb3 15. Rdd1 Kb8 16. Rfe1 c5 17. dxc5 Bxc5 18. Bxc5 Nxc5 19. Ne5 Nh6 20. Rxd8+
Rxd8 21. Rd1 Rxd1+ 22. Bxd1 Kc7 23. h3 Kd6 24. Nc4+ Kc7 25. Bf3 Nb3 26. g4 Nd4
27. Bd1 f6 28. Kg2 Nf7 29. Ne2 Nc6 30. Bc2 b5 31. Ne3 g6 32. Nf4 Kd6 33. Bb3
Nd4 34. Ba2 Ng5 35. h4 Ne4 36. h5 g5 37. Nd3 h6 38. f3 Nd2 39. Kf2 N2xf3 40.
Nb4 a5 41. Nbc2 Ke5 42. Nxd4 Nxd4 43. Bb1 Kf4 44. Nc2 Nxc2 45. Bxc2 Kxg4 46. b4
axb4 47. axb4 Kxh5 48. Bd3 f5 49. Bxb5 e5 50. Be2+ Kh4 51. b5 f4 52. b6 e4 53.
b7 Kh3 54. b8=Q h5 55. Qc8+ Kh2 56. Qf5 h4 57. Qg4 f3 58. Qg1+ Kh3 59. Bf1# {
Hossa checkmated} 1-0

[Event "ICS rated blitz match"]
[Site "207.99.83.229"]
[Date "1999.05.31"]
[Round "?"]
[White "Hossa"]
[Black "OVI68"]
[Result "1-0"]
[WhiteElo "2465"]
[BlackElo "2241"]
[PlyCount "39"]

1. e4 d6 2. d4 Nf6 3. Nc3 g6 4. Be2 Bg7 5. h4 c5 6. dxc5 Qa5 7. Qd3 Qxc5 8. h5
O-O 9. Be3 Qa5 10. hxg6 hxg6 11. O-O-O Nc6 12. Qc4 Be6 13. Nd5 Rfe8 14. Rh4
Rac8 15. Qb3 Nxe4 16. Rxe4 Nb4 17. Rxb4 Rxc2+ 18. Kxc2 Rc8+ 19. Kb1 Bf5+ 20.
Bd3 {OVI68 resigns} 1-0

[Event "ICS rated blitz match"]
[Site "207.99.83.229"]
[Date "1999.05.31"]
[Round "?"]
[White "Hossa"]
[Black "MoonShot"]
[Result "0-1"]
[WhiteElo "2482"]
[BlackElo "2738"]
[PlyCount "111"]

1. e4 d5 2. exd5 Qxd5 3. d4 e5 4. dxe5 Qxe5+ 5. Be2 Bg4 6. Nd2 Nc6 7. Ngf3 Qf6
8. Ne4 Qe7 9. Qd5 Rd8 10. Qc4 Qb4+ 11. Nfd2 Qxc4 12. Bxc4 Nd4 13. Bb3 Be6 14.
Ba4+ Bd7 15. Bb3 Be7 16. O-O Ne2+ 17. Kh1 Bc6 18. Ng5 Nxc1 19. Bxf7+ Kf8 20.
Ne6+ Kxf7 21. Nxd8+ Bxd8 22. Raxc1 Bf6 23. c3 Nh6 24. Rce1 Bb5 25. c4 Bc6 26.
b3 Bc3 27. Re2 Re8 28. Rxe8 Kxe8 29. Re1+ Kd7 30. Re3 Bb4 31. Ne4 Ng4 32. Rg3
Bxe4 33. Rxg4 Bg6 34. h4 Bc3 35. c5 Kc6 36. Rc4 Bf6 37. Ra4 Be7 38. Rc4 a5 39.
a3 Bf7 40. Rg4 Bxb3 41. Rxg7 Bxc5 42. Rxh7 Bxa3 43. Rg7 a4 44. h5 Bb2 45. Rg6+
Kc5 46. Rg5+ Bd5 47. Rg4 a3 48. Ra4 b5 49. Ra6 Bb7 50. Re6 a2 51. Re1 b4 52. h6
a1=Q 53. Rxa1 Bxa1 54. Kh2 b3 55. h7 Bh8 56. Kh3 {Hossa resigns} 0-1

[Event "ICS rated blitz match"]
[Site "207.99.83.229"]
[Date "1999.05.31"]
[Round "?"]
[White "Hossa"]
[Black "j724"]
[Result "1-0"]
[WhiteElo "2480"]
[BlackElo "2101"]
[PlyCount "101"]

1. e4 d6 2. d4 Nf6 3. Nc3 g6 4. Be2 Bg7 5. h4 O-O 6. h5 c5 7. hxg6 hxg6 8. dxc5
dxc5 9. Bh6 Qxd1+ 10. Rxd1 Nc6 11. Bxg7 Kxg7 12. Nf3 Bg4 13. e5 Nh5 14. Rh4
Bxf3 15. Bxf3 Nd4 16. Be4 f5 17. Bd3 Rh8 18. Nb5 g5 19. Nxd4 gxh4 20. Nxf5+ Kf7
21. Nxh4 Nf4 22. g3 Nxd3+ 23. Rxd3 Rad8 24. Rxd8 Rxd8 25. Nf3 Kg6 26. Ke2 Kf5
27. Ke3 Rd1 28. a4 Rc1 29. Kd2 Rf1 30. Ke2 Rb1 31. b3 c4 32. Nd2 Rb2 33. Kd1
cxb3 34. cxb3 Ra2 35. Ke2 a5 36. Ke3 Rc2 37. Kd3 Ra2 38. f3 Kxe5 39. Nc4+ Kd5
40. Ke3 Kc5 41. Nxa5 Ra3 42. Nxb7+ Kb6 43. Nd8 Rxb3+ 44. Ke4 Rb4+ 45. Kf5 Rxa4
46. Ne6 Kc6 47. g4 Kd6 48. Nd8 Ra3 49. Nf7+ Kd7 50. Ne5+ Kd6 51. Nc4+ {
j724 resigns} 1-0

[Event "ICS rated blitz match"]
[Site "207.99.83.229"]
[Date "1999.05.31"]
[Round "?"]
[White "SuperChicken"]
[Black "Hossa"]
[Result "1-0"]
[WhiteElo "2717"]
[BlackElo "2483"]
[PlyCount "68"]

1. d4 Nf6 2. c4 e6 3. Nf3 Bb4+ 4. Bd2 Qe7 5. g3 Nc6 6. Nc3 O-O 7. Bg2 d5 8. O-O
dxc4 9. a3 Bxc3 10. Bxc3 Qd7 11. Qc2 Ng4 12. Qa4 Nxd4 13. Qxc4 Nxf3+ 14. Bxf3
f5 15. Bxg4 b5 16. Qc5 fxg4 17. Rad1 Qf7 18. Qxb5 h6 19. Qc6 Rb8 20. Qa4 a6 21.
Qxg4 Rb5 22. e4 e5 23. Qh4 Qf3 24. Rd8 a5 25. Rxf8+ Qxf8 26. Rd1 g5 27. Qh5 Rc5
28. Qg6+ Kh8 29. f4 gxf4 30. gxf4 Rxc3 31. bxc3 exf4 32. Rd5 a4 33. Kf2 Bd7 34.
Rxd7 34... Qc5+ {Hossa resigns} 1-0

[Event "ICS rated blitz match"]
[Site "207.99.83.229"]
[Date "1999.05.31"]
[Round "?"]
[White "Hossa"]
[Black "MoonShot"]
[Result "0-1"]
[WhiteElo "2476"]
[BlackElo "2745"]
[PlyCount "125"]

1. e4 d5 2. exd5 Qxd5 3. Nc3 Qd6 4. d4 Nf6 5. Bd3 Bg4 6. Nge2 Nc6 7. Nb5 Qd7 8.
f3 Be6 9. Bf4 Nd5 10. Be4 Ncb4 11. Bxd5 Nxd5 12. Nbc3 Nxf4 13. Nxf4 O-O-O 14.
d5 Bf5 15. Qd4 Kb8 16. O-O-O e6 17. Ne4 Bd6 18. Nd3 f6 19. g4 Bxe4 20. Qxe4
exd5 21. Qxd5 Rhe8 22. Kb1 c6 23. Qh5 g6 24. Qh4 Qf7 25. Rhe1 Rxe1 26. Rxe1 Rd7
27. f4 Re7 28. h3 Rxe1+ 29. Qxe1 Qd5 30. Qe8+ Kc7 31. Qe1 Qf3 32. Qa5+ Kc8 33.
Qe1 Kd7 34. g5 fxg5 35. fxg5 Qxh3 36. Qf2 Qh1+ 37. Nc1 b6 38. Qd2 Qe4 39. Nd3
Ke6 40. Qc3 Qh1+ 41. Nc1 Be5 42. Qb3+ Kf5 43. Qf7+ Kxg5 44. Qe7+ Kf4 45. Qxa7
Kg3 46. Qxb6 Bf4 47. Qb3+ Kf2 48. a4 Bxc1 49. Ka2 Qe4 50. Qf7+ Bf4 51. c4 Kf3
52. Kb3 h5 53. a5 Qf5 54. Qxf5 gxf5 55. Kb4 Bd6+ 56. c5 Bb8 57. a6 h4 58. Ka5
h3 59. Kb6 h2 60. Kb7 h1=Q 61. Kxb8 f4 62. Kb7 Qd1 63. Kxc6 {Hossa resigns} 0-1

[Event "ICS rated standard match"]
[Site "207.99.83.229"]
[Date "1999.05.31"]
[Round "?"]
[White "Mofongo"]
[Black "Hossa"]
[Result "1-0"]
[WhiteElo "2486"]
[BlackElo "2232"]
[PlyCount "87"]

1. e4 c5 2. Nf3 e6 3. d4 cxd4 4. Nxd4 Nf6 5. Nc3 d6 6. Be2 Be7 7. O-O O-O 8. f4
a6 9. Be3 Qc7 10. Qe1 b5 11. Bf3 Bb7 12. e5 Ne8 13. Bxb7 Qxb7 14. Qg3 b4 15.
Na4 Nd7 16. Rad1 Qe4 17. f5 dxe5 18. Nxe6 fxe6 19. Rxd7 Rf7 20. Nb6 exf5 21.
Rxe7 Rxe7 22. Nxa8 Qxa8 23. Bc5 Rd7 24. Rxf5 Rd1+ 25. Kf2 Nd6 26. Qb3+ Kh8 27.
Qf3 Qxf3+ 28. Rxf3 g5 29. Ke2 Rd5 30. Bxb4 Nb5 31. c3 Nc7 32. c4 Rd4 33. b3 Nd5
34. cxd5 Rxb4 35. Rf5 Re4+ 36. Kf3 Re1 37. Rxg5 e4+ 38. Kf4 Re2 39. a3 e3 40.
b4 Re1 41. Re5 e2 42. Kf3 Ra1 43. Kxe2 Rxa3 44. d6 {Hossa resigns} 1-0

[Event "ICS rated blitz match"]
[Site "207.99.83.229"]
[Date "1999.05.31"]
[Round "?"]
[White "DiepX"]
[Black "Hossa"]
[Result "1/2-1/2"]
[WhiteElo "2653"]
[BlackElo "2470"]
[PlyCount "218"]

1. e4 c5 2. Nf3 e6 3. d4 cxd4 4. Nxd4 Nf6 5. Nc3 d6 6. g4 h6 7. g5 hxg5 8. Bxg5
Be7 9. Ndb5 O-O 10. Rg1 Ne8 11. Bh6 a6 12. Nd4 Qb6 13. Nb3 Nc6 14. Be3 Qc7 15.
Bd3 Bf6 16. Qd2 Bxc3 17. Qxc3 Ne5 18. Qxc7 Nf3+ 19. Kf1 Nxc7 20. Rg3 Ne5 21.
Bb6 Ne8 22. Be2 Nd7 23. Be3 Ne5 24. Rd1 f5 25. exf5 Rxf5 26. Nd4 Rf8 27. f4 Nc6
28. Nxc6 bxc6 29. Kg2 Rb8 30. b3 Bb7 31. h4 c5+ 32. Bf3 Bxf3+ 33. Kxf3 Kf7 34.
Rg5 Rg8 35. h5 Rf8 36. Rd2 Rb7 37. Rh2 Nf6 38. h6 gxh6 39. Rxh6 Re7 40. c4 Ke8
41. Rgg6 Ref7 42. Ke2 Kd7 43. Kd3 Ke7 44. Rh1 Rd8 45. Rg5 Ne8 46. Rg8 Kd7 47.
Rh6 Nf6 48. Rgg6 Ke7 49. Rg5 Nh7 50. f5 exf5 51. Rgh5 f4 52. Bxf4 Nf6 53. Rf5
Ke6 54. Rg5 Ke7 55. Rg1 Ke6 56. Bg5 Rdf8 57. Rf1 Ke5 58. Bd2 Ke6 59. Bc3 Ke7
60. Rh4 Nd7 61. Rxf7+ Rxf7 62. Re4+ Kf8 63. Re6 Rf3+ 64. Kd2 Rf2+ 65. Kc1 Rxa2
66. Kb1 Rf2 67. Rxd6 Ke7 68. Rxa6 Rf1+ 69. Kc2 Rf2+ 70. Kd3 Rf3+ 71. Kd2 Rf4
72. Rg6 Kf7 73. Ke3 Rh4 74. Rg3 Nb8 75. Kd3 Nc6 76. Ke3 Nb8 77. Be1 Rh1 78. Bf2
Nd7 79. Ke4 Rh5 80. Be3 Ke6 81. Rg5 Nf6+ 82. Kf4 Rxg5 83. Kxg5 Ke5 84. Kh4 Ne4
85. Kg4 Nf6+ 86. Kf3 Ne4 87. Ke2 Kf5 88. Kd3 Ke5 89. Bg1 Kf4 90. Ke2 Nc3+ 91.
Kd2 Ne4+ 92. Kc2 Kg4 93. Bxc5 Nxc5 94. b4 Ne4 95. Kd3 Kf5 96. Kd4 Nf6 97. c5
Ke6 98. b5 Nd7 99. c6 Kd6 100. cxd7 Kxd7 101. Kc4 Kd6 102. Kb4 Kc7 103. Kc3 Kb6
104. Kc4 Kc7 105. Kc5 Kb7 106. b6 Kb8 107. Kb4 Kb7 108. Ka5 Kb8 109. b7 109...
Kxb7 {Game drawn because neither player has mating material} 1/2-1/2

[Event "ICS Rated standard match"]
[Site "207.99.83.229"]
[Date "1999.05.31"]
[Round "?"]
[White "Hossa"]
[Black "Mofongo"]
[Result "0-1"]
[WhiteElo "2226"]
[BlackElo "2465"]
[PlyCount "99"]

1. e4 c5 2. Nf3 e6 3. Nc3 Nc6 4. Bb5 Nge7 5. O-O a6 6. Be2 d5 7. b3 d4 8. Na4
Ng6 9. Nb2 Be7 10. Nd3 e5 11. h4 Bg4 12. Nh2 Bxe2 13. Qxe2 Nxh4 14. Qh5 Bd6 15.
f4 g6 16. Qg4 f5 17. Qe2 exf4 18. exf5+ Qe7 19. Qxe7+ Kxe7 20. Ba3 b6 21. Rae1+
Kd7 22. fxg6 Nxg6 23. c4 Rae8 24. Ng4 Rxe1 25. Nxe1 Rf8 26. Nf3 h5 27. Nf2 Re8
28. Nd3 Nce5 29. Nfxe5+ Bxe5 30. Bxc5 bxc5 31. Nxc5+ Kd6 32. Nxa6 Rg8 33. Kh1
Nh4 34. Rf2 Rg3 35. b4 f3 36. gxf3 Nxf3 37. Rxf3 Rxf3 38. Nc5 h4 39. Kg2 Rg3+
40. Kf2 Ke7 41. Ne4 Rg4 42. Nc5 h3 43. Nd3 Bg3+ 44. Kf3 Rg8 45. Ke4 h2 46. Kxd4
Rd8+ 47. Ke3 h1=Q 48. Nf4 Qg1+ 49. Kf3 Qf2+ 50. Ke4 {Hossa resigns} 0-1

[Event "ICS Rated blitz match"]
[Site "207.99.83.229"]
[Date "1999.05.31"]
[Round "?"]
[White "DiepX"]
[Black "Hossa"]
[Result "0-1"]
[WhiteElo "2654"]
[BlackElo "2469"]
[PlyCount "170"]

1. e4 c5 2. Nf3 e6 3. d4 cxd4 4. Nxd4 Nf6 5. Nc3 d6 6. g4 h6 7. g5 hxg5 8. Bxg5
Be7 9. Ndb5 O-O 10. Rg1 Ne8 11. Bh6 a6 12. Nd4 Qb6 13. Nb3 Nc6 14. Qd2 Ne5 15.
Be2 f5 16. Be3 Qc7 17. exf5 Rxf5 18. Nd4 Rf7 19. Bh5 Rf8 20. O-O-O Nf6 21. Qe2
Qa5 22. Bf3 Kh8 23. Bh1 Qb4 24. a3 Qc4 25. Qd2 Rb8 26. Rg3 Neg4 27. Rh3+ Kg8
28. b3 Qc5 29. b4 Qc4 30. Bf3 e5 31. Be2 Qf7 32. Nf3 Nxe3 33. fxe3 Bxh3 34. Ng5
Qe8 35. Nxh3 Qc6 36. Kb2 Rbc8 37. Ng5 Kh8 38. Bf3 Qxc3+ 39. Qxc3 Rxc3 40. Kxc3
Ne8 41. Bxb7 Bxg5 42. Kd3 Nc7 43. c4 Rf2 44. Rd2 Rf8 45. Rd1 Be7 46. Bg2 Rf2
47. Rd2 Rf5 48. Bb7 Rf1 49. Ke4 Ra1 50. Rd3 Bf8 51. c5 dxc5 52. Rd8 Rf1 53.
Kxe5 c4 54. Rc8 Rf7 55. a4 Re7+ 56. Kd4 Ne6+ 57. Kd5 Rxb7 58. Kxe6 Kg8 59. Rxc4
Rxb4 60. Rxb4 Bxb4 61. e4 Kh7 62. Kf5 Kh6 63. e5 Kh5 64. e6 a5 65. h3 Be7 66.
Ke5 Kg6 67. h4 Bxh4 68. Kd6 Kf5 69. Kd5 Be7 70. Kd4 Kxe6 71. Kc4 g5 72. Kd4
Bf6+ 73. Kc5 Ke5 74. Kb6 Kd5 75. Kc7 Kc5 76. Kd7 g4 77. Ke6 Bd4 78. Kf5 g3 79.
Kg4 g2 80. Kf4 g1=Q 81. Kf3 Be3 82. Ke2 Qf2+ 83. Kd3 Bc1 84. Kc3 Qe2 85. Kb3
85... Qb2# {DiepX checkmated} 0-1

[Event "ICS Rated blitz match"]
[Site "207.99.83.229"]
[Date "1999.05.31"]
[Round "?"]
[White "Hossa"]
[Black "DiepX"]
[Result "0-1"]
[WhiteElo "2498"]
[BlackElo "2630"]
[PlyCount "111"]

1. e4 e5 2. Nf3 Nc6 3. Bb5 Bc5 4. O-O Nd4 5. Nxd4 Bxd4 6. c3 Bb6 7. d4 c6 8.
Be2 exd4 9. cxd4 d5 10. exd5 Qxd5 11. Be3 Nf6 12. Nc3 Qd6 13. Re1 Be6 14. Qd3
O-O-O 15. Rad1 h6 16. a4 Rhe8 17. Rd2 Bc7 18. f4 Bg4 19. Ne4 Qe6 20. Nxf6 Bxe2
21. Qxe2 Qxf6 22. Qg4+ Kb8 23. Rde2 Bb6 24. b3 Bxd4 25. Qg3 Ka8 26. Qf2 Bc3 27.
Rc1 h5 28. Qf1 g6 29. Kh1 h4 30. Qf2 h3 31. gxh3 Ba5 32. Ra2 Qe6 33. Bxa7 Qxb3
34. Kg2 Be1 35. Rxe1 Rxe1 36. Qxe1 Qxa2+ 37. Bf2 Qxa4 38. Qe7 Rh8 39. Qxf7 Qe4+
40. Kg1 Kb8 41. Qd7 Qb4 42. Qe6 Qb1+ 43. Kg2 Qf5 44. Qxf5 gxf5 45. Bd4 Rd8 46.
Be5+ Kc8 47. h4 Rd7 48. Kg3 Rh7 49. Bd4 Kc7 50. Kh3 Kd6 51. Bb6 Kd5 52. Kg3 Ke4
53. h3 Rg7+ 54. Kf2 Kxf4 55. Ba5 b5 56. Bb4 {Hossa resigns} 0-1

[Event "ICS Rated blitz match"]
[Site "207.99.83.229"]
[Date "1999.05.31"]
[Round "?"]
[White "DiepX"]
[Black "Hossa"]
[Result "1-0"]
[WhiteElo "2640"]
[BlackElo "2488"]
[PlyCount "72"]

1. e4 e5 2. Bc4 Nf6 3. d3 Bc5 4. Nf3 Nc6 5. Nc3 O-O 6. Bg5 Bb4 7. a3 Bxc3+ 8.
bxc3 d6 9. Rb1 Na5 10. Ba2 Be6 11. c4 Rb8 12. Qd2 Nc6 13. h3 b6 14. O-O Qe7 15.
Bb3 Rbe8 16. Ba4 Bd7 17. Nh4 Qe6 18. Nf5 Nh5 19. Qd1 Nf6 20. f4 Rb8 21. fxe5
Qxe5 22. d4 Qxe4 23. Nxg7 Ne8 24. Nh5 Qg6 25. Bh4 Qe4 26. Bf6 Qg6 27. Rb3 Na5
28. Bxd7 Nxb3 29. Bf5 Na5 30. Bxg6 hxg6 31. Qf3 Nxc4 32. Qf4 Kh7 33. Bg7 Kg8
34. Qh6 f6 35. Bxf8 gxh5 36. Rxf6 36... Ne5 {Hossa resigns} 1-0

[Event "ICS rated blitz match"]
[Site "207.99.83.229"]
[Date "1999.05.31"]
[Round "?"]
[White "Hossa"]
[Black "DiepX"]
[Result "0-1"]
[WhiteElo "2479"]
[BlackElo "2649"]
[PlyCount "101"]

1. e4 e5 2. Nf3 Nc6 3. d4 exd4 4. Nxd4 Nf6 5. Nxc6 bxc6 6. e5 Qe7 7. Qe2 Nd5 8.
c4 Nb6 9. Nd2 Qe6 10. b3 a5 11. Bb2 a4 12. Rd1 axb3 13. axb3 Bb4 14. Qe4 f5 15.
Qc2 d6 16. c5 Bxc5 17. Bd3 O-O 18. O-O Ba6 19. Bxa6 Rxa6 20. Rfe1 Qg6 21. Ra1
Rxa1 22. Bxa1 f4 23. Qxg6 hxg6 24. Ne4 Bb4 25. Rc1 Ra8 26. e6 Nd5 27. Ng5 Ra2
28. h4 Bc5 29. Ne4 Bb6 30. Kf1 Ne7 31. Bc3 Nf5 32. g4 fxg3 33. fxg3 d5 34. Nd2
Nxg3+ 35. Ke1 Nf5 36. Ke2 Nxh4 37. Bb4 Nf5 38. Kd3 Nd4 39. e7 Kf7 40. Rf1+ Nf5
41. Re1 Ke8 42. Nb1 c5 43. Bd2 Nd4 44. Bf4 Nxb3 45. Ke3 Nd4 46. Nc3 Ra3 47. Rc1
Ba5 48. Kf2 Bxc3 49. Bxc7 Kxe7 50. Be5 Kf7 51. Kf1 {Hossa resigns} 0-1